| 000 | 00783nam a2200241 i 4500 | ||
|---|---|---|---|
| 003 | DO-SdBNP | ||
| 005 | 20230825100924.0 | ||
| 006 | a||||gr|||| 00| 0 | ||
| 007 | ta | ||
| 008 | 230824q2007 dr ||||| |||| 00| 0 spa d | ||
| 040 |
_aDO-SdBNP _bspa _cBNPHU _erda |
||
| 082 | 4 |
_222 _bR426L |
|
| 110 | 1 |
_aRepública Dominicano _bPoder Judicial _964318 _4autor |
|
| 240 |
_a(Leyes, etec) _lspa |
||
| 245 | 1 | 0 | _aLey número 13-07 de transición hacia el control d jurisdiccional de la actividad administrativa del Estado. / |
| 264 | 1 |
_aSanto Domingo : _bPoder Judicial, _c[2007] |
|
| 300 |
_a10 páginas ; _c21 cm |
||
| 336 |
_2rdacontent _atexto _btxt |
||
| 337 |
_2rdamedia _asin mediación _bn |
||
| 338 |
_2rdacarrier _avolumen _bnc |
||
| 590 | _aInventariado 2023 / MF | ||
| 942 |
_2ddc _cLF2 |
||
| 999 |
_c54522 _d54522 |
||